000
00214pam a2200109 a 4500
020
_c
041
_h
100
_a
B, C, Choudhari
245
_a
Turtle in India
260
_b
W.W. F. India
_c
1993
930
_a
1538
999
_c
247391
_d
247391